Esquisse d'une histoire de l'idée de Nature
Збережено в:
| Автор: | |
|---|---|
| Формат: | Книга |
| Мова: | Французька |
| Опубліковано: |
París
Albin Michel
1969
|
| Серія: | L'Évolution de l'Humanité
|
| Предмети: | |
| Теги: |
Додати тег
Немає тегів, Будьте першим, хто поставить тег для цього запису!
|
MARC
| LEADER | 00000nam a2200000 a 4500 | ||
|---|---|---|---|
| 001 | UCR2681 | ||
| 003 | CL-VaPUC | ||
| 008 | 980116e19690000FR |||||||||||||||||fre|d | ||
| 082 | 0 | 4 | |a 113 |b LEN |2 21 |
| 100 | 0 | |a Lenoble, Robert |e author |9 400941 | |
| 245 | 1 | 0 | |a Esquisse d'une histoire de l'idée de Nature |
| 300 | |a 446 p | ||
| 942 | |c BK | ||
| 945 | |d 19980116 00:00:00 |a cmena | ||
| 260 | |a París |b Albin Michel |c 1969 | ||
| 650 | 0 | |a Filosofía de la naturaleza |9 265899 | |
| 650 | 0 | |a Cristianismo |9 257361 | |
| 650 | 0 | |a Cosmología |9 269138 | |
| 650 | 7 | |a SER |2 CL-VaPUC |9 320176 | |
| 650 | 0 | |a Ontología |9 256850 | |
| 650 | 0 | |a Escuelas filosóficas |9 266232 | |
| 650 | 0 | |a Racionalismo |9 259116 | |
| 583 | |a last modification |c 19980116 00:00:00 |k Rodrigo Vera | ||
| 490 | 0 | |a L'Évolution de l'Humanité | |
| 999 | |c 265813 |d 265811 | ||
| 952 | |0 0 |1 0 |4 0 |6 113_000000000000000_LEN_1969 |7 0 |8 DER_HIS |9 296921 |a BIBDER |b BIBDER |d 2019-11-20 |i 1935151 |o 113 LEN 1969 |p 1935151 |r 2023-01-25 |w 2019-11-20 |x Ubicación 4to Piso |y BK |z Estos recursos deben solicitarse con anticipación |k DER | ||